Typing Challenge: 100 'A' Words Quiz Stats

 Plays Quiz Updated Feb 7, 2016

Challenge
Share
Tweet
Embed
Score 0/100 Timer 03:00
3 Plays Today
What to type ↓ Type here! ↓ % Correct
????
100%
????
99.3%
????
98.8%
????
98.3%
????
98%
????
97.7%
????
97.4%
????
97.1%
????
96.9%
????
96.8%
????
96.6%
????
96.3%
????
96.2%
????
96%
????
95.8%
????
95.6%
????
95.5%
????
95.4%
????
95.3%
????
95.2%
????
95.1%
????
94.9%
????
94.8%
????
94.6%
????
94.5%
????
94.3%
????
94.1%
????
93.9%
????
93.7%
????
93.5%
????
93.3%
????
93.1%
????
92.9%
????
92.7%
What to type ↓ Type here! ↓ % Correct
????
92.5%
????
92.2%
????
92%
????
91.7%
????
91.5%
????
91.3%
????
91%
????
90.7%
????
90.4%
????
90%
????
89.6%
????
89.1%
????
88.6%
????
87.8%
????
87.1%
????
86.5%
????
85.7%
????
84.7%
????
84%
????
83%
????
82.1%
????
81.3%
????
80.3%
????
79.2%
????
78.3%
????
77.3%
????
76.1%
????
74.7%
????
73.5%
????
71.6%
????
70.3%
????
68.8%
????
67.3%
????
65.5%
What to type ↓ Type here! ↓ % Correct
????
63.8%
????
61.7%
????
59.8%
????
57.7%
????
55.4%
????
53%
????
51%
????
48.6%
????
46.2%
????
43.8%
????
41.6%
????
39.1%
????
37%
????
35.2%
????
33%
????
29.9%
????
27.3%
????
25.3%
????
23.3%
????
21.3%
????
19.1%
????
17.1%
????
15.9%
????
14.1%
????
12.2%
????
10.7%
????
9.2%
????
7.8%
????
6.3%
????
5.2%
????
4.2%
????
3.2%

You're not logged in!

Compare scores with friends on all Sporcle quizzes.
Join for Free
OR
Log In

You Might Also Like...

Show Comments

Extras

Top Quizzes Today


Score Distribution

Your Account Isn't Verified!

In order to create a playlist on Sporcle, you need to verify the email address you used during registration. Go to your Sporcle Settings to finish the process.

Report this User

Report this user for behavior that violates our Community Guidelines.

Details: